Geography of China : (Record no. 19274)

000 -LEADER
fixed length control field 00570cam a2200157 a 4500
020 ## - INTERNATIONAL STANDARD BOOK NUMBER
ISBN 0471577588 (alk. paper)
040 ## - CATALOGING SOURCE
Transcribing agency DLC
082 00 - DEWEY DECIMAL CLASSIFICATION NUMBER
Classification number 915 CHI 1994 C161 Or.
100 1# - MAIN ENTRY--AUTHOR NAME
Personal name Chao, Sung-chʻiao.
245 10 - TITLE STATEMENT
Title Geography of China :
Remainder of title environment, resources, population, and development /
260 ## - PUBLICATION, DISTRIBUTION, ETC. (IMPRINT)
Place of publication New York :
Name of publisher John Wiley,
Year of publication 1994.
300 ## - PHYSICAL DESCRIPTION
Number of Pages xix, 332 p., [8] p. of plates :
Other physical details ill. (some col.) ;
Dimensions 26 cm.
856 42 - ELECTRONIC LOCATION AND ACCESS
Uniform Resource Identifier http://www.loc.gov/catdir/description/wiley032/93034414.html
856 4# - ELECTRONIC LOCATION AND ACCESS
Uniform Resource Identifier http://www.loc.gov/catdir/toc/onix03/93034414.html
942 ## - ADDED ENTRY ELEMENTS (KOHA)
Koha item type ADB
952 ## - LOCATION AND ITEM INFORMATION (KOHA)
Withdrawn status [LOCAL, KOHA] 0
Holdings
Source of acquisition Permanent Location Date acquired Koha item type Lost status Shelving location Current Location Full call number
A39437Library Block C2020-09-02សៀវភៅភាសាអង់គ្លេស C161Library Block C915 CHI 1994 C161 Or.
មជ្ឈមណ្ឌលឯការនៃសាកលវិទ្យាល័យភូមិន្ទកសិកម្មចំការដូង

Powered by Koha